Erupcia /
Na ostrove Havaj sa schyľuje ku katastrofickej erupcii sopky Mauna Loa. Doktor John „Mac“ MacGregor, skúsený vulkanológ a inštruktor surfovania, vedie tím vedcov z Havajského vulkanologického observatória v snahe predpovedať a zmierniť následky tejto hrozby. Situácia sa však komplikuje, keď odhalia...
Uloženo v:
| Hlavní autor: | |
|---|---|
| Médium: | E-kniha |
| Jazyk: | Czech |
| Vydáno: |
Praha :
Albatros Media Slovakia s.r.o.,
2025
|
| Tagy: |
Žádné tagy |
| LEADER | 01404nam a22002297i 4500 | ||
|---|---|---|---|
| 001 | 302684 | ||
| 007 | ta | ||
| 008 | 260514s2025 xr ||||| |||| 00| 0 cze d | ||
| 020 | |a 9788056647752 | ||
| 044 | |a xr | ||
| 100 | 1 | |a Crichton, Michael |4 aut | |
| 245 | 1 | 0 | |a Erupcia / |c Crichton, Michael |
| 240 | 1 | 0 | |a Eruption |
| 264 | 1 | |a Praha : |b Albatros Media Slovakia s.r.o., |c 2025 | |
| 300 | |a 1 online zdroj (424 stran) | ||
| 336 | |a text |b txt |2 rdacontent | ||
| 337 | |a bez média |b n |2 rdamedia | ||
| 338 | |a online zdroj |b cr |2 rdacarrier | ||
| 520 | 2 | |a Na ostrove Havaj sa schyľuje ku katastrofickej erupcii sopky Mauna Loa. Doktor John „Mac“ MacGregor, skúsený vulkanológ a inštruktor surfovania, vedie tím vedcov z Havajského vulkanologického observatória v snahe predpovedať a zmierniť následky tejto hrozby. Situácia sa však komplikuje, keď odhalia prísne tajný vojenský projekt ukrytý pod sopkou, ktorý môže ohroziť nielen ostrov, ale aj celý svet. | |
| 910 | |a RBIT002 | ||
| 998 | |d 426940 |a https://core.palmknihy.cz/api/books/426940/cover?tesghv |b https://core.palmknihy.cz/api/books/426940/cover/400?tesghv |c https://core.palmknihy.cz/api/books/426940/cover/50?tesghv |e 2029-08-01 |g 424 |i 9788056647752 |j https://core.palmknihy.cz/api/books/426940/preview.epub |k https://core.palmknihy.cz/api/books/426940/preview.pdf |l |q 49 |r 1 |s https://www.palmknihy.cz/kniha/426940 |t ebook |y 2025 |z 1 | ||
| 999 | |d 302682 | ||